00615nam a22001337a 450000500170000000800410001705000350005810000270009324501180012026000340023830000200027250000400029265001490033220250811104323.0250811b |||||||| |||| 00| 0 eng d aTHE JF 1525 .C58 O85 2019bC.1 aOtieno, Collins Opondo aTowards a Social Media Strategy for Effective Government Communication: A Case of Migori County Government, Kenya aKisiibKisii Universityc2019 axvi, 119p.:ill. aIncludes bibliographical references a1. Social media - Government use - Kenya. 2. Government communication systems - Kenya - Evaluation. 3. Local government - Kenya - Migori County.